Estatísticas para Teste rápido de matemática - Teste curto de matemática - Quiz 13

Clique aqui para jogar o quiz

Estatísticas Gerais

  • Esse quiz foi jogado 50 vezes
  • A pontuação média é 12 de 15

Estatísticas das Respostas

HintResposta% Correto
144 : 12 =12
97%
76 + 79 =155
91%
445 + 56 =501
91%
4 x 14 =56
91%
480 - 139 =341
89%
188 - 99 =89
89%
66 x 6 =396
86%
89 x 5 =445
83%
13 x 13 =169
80%
500 : 4 =125
74%
96 + 79 =175
74%
675 - 189 =486
63%
696 : 4 =174
60%
765 - 489 =276
51%
276 : 4 =69
43%

Distribuição das Pontuações

Percentil de Números Respondidos

Porcentagem de Pessoas com Cada Pontuação

Sua Pontuação Histórica

Você não jogou esse quiz